Mỹ thuật thời Lê sơ

Gardado en:
Detalles Bibliográficos
Autor Principal: Viện nghệ thuật
Formato: Libro
Idioma:Undetermined
Publicado: Hà Nội Văn hóa 1978
Những chủ đề:
Các nhãn: Engadir etiqueta
Sen Etiquetas, Sexa o primeiro en etiquetar este rexistro!
Thư viện lưu trữ: Trung tâm Học liệu Trường Đại học Cần Thơ
LEADER 00508nam a2200169Ia 4500
001 CTU_9475
008 210402s9999 xx 000 0 und d
082 |a 709.597 
082 |b M600 
100 |a Viện nghệ thuật 
245 0 |a Mỹ thuật thời Lê sơ 
245 0 |c Viện nghệ thuật, Bộ văn hóa Thông tin 
260 |a Hà Nội 
260 |b Văn hóa 
260 |c 1978 
650 |a art, vietnamese 
980 |a Trung tâm Học liệu Trường Đại học Cần Thơ